000 00380 a2200169 4500
001 175503
020 _a85-02-01034-4
040 _cMagnum
100 _aTrigo, Eurico Moraes
240 1 0 _aViver e aprender ciências 3
_lpor
245 1 0 _aViver e aprender ciências 3
300 _a112
362 0 _a1993
440 1 _aSaraiva
697 _aCIÊNCIAS NATURAIS
942 _cBK
999 _c175503
_d175503